| 000 | 00643nam a2200241Ia 4500 | ||
|---|---|---|---|
| 003 | OSt | ||
| 005 | 20221007081959.0 | ||
| 006 | a|||||r|||| 00| 0 | ||
| 007 | ta | ||
| 008 | 221006b |||||||| |||| 00| 0 eng d | ||
| 024 | _a22,520 | ||
| 037 | _cTextual | ||
| 040 |
_aFLL _cFLL _beng |
||
| 041 |
_2eng _aeng |
||
| 082 | _aZ1:A, J4;5 | ||
| 100 |
_aStone Julius _9121516 |
||
| 245 | 0 | _aLegal controls of international conflict | |
| 250 | _a2nd | ||
| 260 |
_aSydney _bMaitland Publications Pvt. Ltd. India _c1959 |
||
| 300 |
_alv,903p _ccm. |
||
| 942 |
_hZ1:A, J4;5 _cTEXL _2CC |
||
| 999 |
_c1164931 _d1164931 |
||